000 00900nas a2200277 4500
001 BR0503071
003 BR-BrBNA
005 20231205105433.0
007 ta
008 230509b bl.|||p| |||| 00| 00por d
040 _aBR-BrBNA
_bpor
_cBiblioteca Nacional de Agricultura
041 _a(Pt)
072 _aH10
100 1 _aOliveira, H.N. de
100 1 _aColombi, C.A.
100 1 _aPratissoli, D.
100 1 _aPedruzzi, E.P.
100 1 _aDalvi, L.P.
245 1 _aCapacidade de parasitismo de Trichogramma exiguum Pinto Platner, 1978 (Hymenoptera: Trichogrammatidae)criado em dois hospedeiros por diversas gerações
650 _aHIMENOPTERO
650 _aPARASITISMO
650 _aHOSPEDEIRO
773 0 _tCiência e Agrotecnologia (Brazil)
_xISSN 1413-7054
_g(Mar-Apr 2005), v. 29(2) p. 284-288
_wBR0503071
909 _a202311
_bLúcia
_c55
_dLúcia Elande
942 _2AGRIS
_n0
_cANA
999 _c182963
_d182963